| 000 | 00918nas a2200313 4500 | ||
|---|---|---|---|
| 001 | BR0302319 | ||
| 003 | BR-BrBNA | ||
| 005 | 20231205103754.0 | ||
| 007 | ta | ||
| 008 | 230509b bl.|||p| |||| 00| 00por d | ||
| 040 |
_aBR-BrBNA _bpor _cBiblioteca Nacional de Agricultura |
||
| 041 | _a(Pt) | ||
| 072 | _aC10; C30 | ||
| 100 | 1 | _aLopes, M.A. | |
| 100 | 1 | _aZambalde, A.L. | |
| 100 | 1 | _aCarvalho, F. de M. | |
| 100 | 1 | _aSantos, A.B. | |
| 100 | 1 | _aCastro, C.L. de | |
| 100 | 1 | _aOliveira, R. de | |
| 100 | 1 | _aGomes, S.A.C. | |
| 245 | 1 | _aEducação via internet direcionada ao setor agropecuário: o caso UFLATEC | |
| 650 | _aEDUCAÇÃO | ||
| 650 | _aCOMPUTADOR | ||
| 650 | _aSETOR AGRÍCOLA | ||
| 650 | _aPECUÁRIA | ||
| 773 | 0 |
_tRevista Brasileira de Agroinformática (Brazil) _xISSN 1517-3267 _g(2000), v. 3(1) p. 1-12 _wBR0302319 |
|
| 909 |
_a202311 _bLúcia _c55 _dLúcia Elande |
||
| 942 |
_2AGRIS _n0 _cANA |
||
| 999 |
_c174647 _d174647 |
||